[Event "19th ECh U20 Girls"]
[Site "Baku AZE"]
[Date "2002.07.??"]
[Round "10"]
[White "Kirik, Irina"]
[Black "Jurkiewicz, Katarzyna"]
[Result "0-1"]
[WhiteElo "2069"]
[BlackElo "2190"]
[EventDate "2002.07.14"]
[PlyCount "62"]

1.e4 c5 2.Nf3 d6 3.d4 cxd4 4.Nxd4 Nf6 5.Nc3 Bd7 6.Be2 e5 7.Ndb5 Bc6 8.Bg5 
a6 9.Na3 b5 10.Nd5 Nbd7 11.c3 Nb6 12.Nc2 Nbxd5 13.exd5 Bd7 14.Ne3 Be7 15.
Bxf6 Bxf6 16.O-O O-O 17.Bg4 Be8 18.Qd3 g6 19.f4 b4 20.f5 bxc3 21.Qxc3 e4 
22.Qa3 Qb6 23.Rf2 Bd4 24.Re1 Rb8 25.Kh1 Bxb2 26.Qb3 Qa5 27.Qxb8 Qxe1+ 28.
Rf1 Qxe3 29.Qxb2 Bb5 30.Rd1 Qf4 31.Be2 Qf2 0-1

[Event "19th ECh U20 Girls"]
[Site "Baku AZE"]
[Date "2002.07.??"]
[Round "10"]
[White "Ismailova, Aytaj"]
[Black "Hodova, Lucie"]
[Result "1-0"]
[WhiteElo "2157"]
[BlackElo "2060"]
[EventDate "2002.07.14"]
[PlyCount "101"]

1.e4 c5 2.Nf3 d6 3.d4 cxd4 4.Nxd4 Nf6 5.Nc3 a6 6.Bg5 e6 7.f4 Nbd7 8.Qf3 
Qc7 9.O-O-O b5 10.Bd3 Bb7 11.Rhe1 O-O-O 12.a3 Be7 13.Qg3 Qb6 14.Bf1 Rhe8 
15.e5 dxe5 16.fxe5 Nd5 17.Bxe7 Rxe7 18.Nxd5 Bxd5 19.Qxg7 Nc5 20.Qxh7 Rc7 
21.c3 Na4 22.Rd2 Kb7 23.Kb1 Rdc8 24.Bd3 Qa5 25.Be4 Nxc3+ 26.bxc3 Qxc3 27.
Bxd5+ exd5 28.Qd3 Qa5 29.Ne2 Kb8 30.Rc1 d4 31.Rxc7 Rxc7 32.Qxd4 Qxa3 33.
Qb2 Qe3 34.Nd4 Ka8 35.Nf3 Qe4+ 36.Ka1 Rc4 37.Rd4 Ra4+ 38.Rxa4 Qxa4+ 39.Qa2
Qd1+ 40.Qb1 Qa4+ 41.Kb2 Qb4+ 42.Kc1 Qc3+ 43.Qc2 Qe3+ 44.Kb2 b4 45.Qc8+ Ka7
46.Qd7+ Kb6 47.Qd4+ Qxd4+ 48.Nxd4 Kc5 49.Nf3 Kd5 50.h4 Ke6 51.g4 1-0

[Event "19th ECh U20 Girls"]
[Site "Baku AZE"]
[Date "2002.07.??"]
[Round "10"]
[White "Agaeva, Shahana"]
[Black "Topel, Zehra"]
[Result "0-1"]
[WhiteElo "2123"]
[BlackElo "2067"]
[EventDate "2002.07.14"]
[PlyCount "52"]

1.e4 e6 2.d4 d5 3.e5 c5 4.c3 Nc6 5.Nf3 Qb6 6.a3 Bd7 7.b4 cxd4 8.cxd4 Nge7 
9.Be2 Nf5 10.Bb2 Be7 11.O-O O-O 12.Qd3 f6 13.Nbd2 fxe5 14.dxe5 a6 15.Nb3 
Rac8 16.Rac1 Be8 17.Qd2 Bg6 18.Ng5 Na7 19.g4 Rxc1 20.Rxc1 Bxg5 21.Qxg5 Ng3
22.Bf3 Rxf3 23.Nd4 Ne4 24.Qe7 Rf7 25.Qe8+ Rf8 26.Qe7 Re8 0-1

[Event "19th ECh U20 Girls"]
[Site "Baku AZE"]
[Date "2002.07.??"]
[Round "10"]
[White "Khudaverdieva, Afag"]
[Black "Rzaeva, Svetlana"]
[Result "0-1"]
[WhiteElo "2043"]
[BlackElo "2073"]
[EventDate "2002.07.14"]
[PlyCount "74"]

1.d4 Nf6 2.c4 g6 3.Nc3 Bg7 4.e4 d6 5.Nf3 O-O 6.Be2 e5 7.O-O Qe7 8.d5 a5 9.
Re1 Na6 10.b3 Nc5 11.Bf1 Nh5 12.Rb1 f5 13.a3 f4 14.b4 Nd7 15.c5 dxc5 16.d6
cxd6 17.Nb5 axb4 18.axb4 cxb4 19.Nxd6 Nc5 20.Qd5+ Ne6 21.Nxc8 Rfxc8 22.Bc4
Re8 23.Bd2 Rad8 24.Bxb4 Qc7 25.Qb5 Rc8 26.Bd5 Kh8 27.Ba3 Qc3 28.Rb3 Qc7 
29.Bxb7 Rcd8 30.h3 Nd4 31.Nxd4 exd4 32.Rc1 Qf7 33.Bd5 Qf6 34.Rc7 Rc8 35.
Qd7 Rcd8 36.Qb5 Qe5 37.Rb1 Qxc7 0-1

[Event "19th ECh U20 Girls"]
[Site "Baku AZE"]
[Date "2002.07.??"]
[Round "11"]
[White "Mamedyarova, Zeinab"]
[Black "Khukhashvili, Sopiko"]
[Result "1-0"]
[WhiteElo "2312"]
[BlackElo "2327"]
[EventDate "2002.07.14"]
[PlyCount "110"]

1.d4 Nf6 2.c4 e6 3.Nc3 Bb4 4.Bg5 h6 5.Bxf6 Bxc3+ 6.bxc3 Qxf6 7.e3 d6 8.Bd3
e5 9.Ne2 O-O 10.O-O Qe7 11.Ng3 f5 12.f4 e4 13.Be2 b6 14.Rf2 Nc6 15.Nf1 Na5
16.Nd2 Ba6 17.Kh1 Qe8 18.d5 c6 19.g4 cxd5 20.gxf5 dxc4 21.Bh5 Qe7 22.Bg6 
Bc8 23.Qg4 d5 24.Rg2 Nb7 25.Rag1 Nd6 26.Nf1 Bxf5 27.Qd1 Bh3 28.Qxd5+ Kh8 
29.Rg3 Bf5 30.Bh5 Be6 31.Rxg7 Bxd5 32.Rxe7 Nf5 33.Re5 Bg8 34.Bg6 Bh7 35.
Rxe4 Bxg6 36.Rxg6 Rae8 37.Rge6 Rd8 38.Ng3 Rg8 39.Kg2 Rd2+ 40.Kh3 Nxg3 41.
hxg3 Rc8 42.Rg6 Rd3 43.f5 Rc7 44.Rxh6+ Rh7 45.Rxh7+ Kxh7 46.Rxc4 Rxe3 47.
Kg4 Kg7 48.Kf4 Re2 49.Rc7+ Kf6 50.Rxa7 Rf2+ 51.Kg4 Re2 52.Rc7 Re4+ 53.Kf3 
Ra4 54.g4 Kg5 55.Rg7+ Kf6 1-0

[Event "19th ECh U20 Girls"]
[Site "Baku AZE"]
[Date "2002.07.??"]
[Round "11"]
[White "Charkhalashvili, Inga"]
[Black "Javakhishvili, Lela"]
[Result "0-1"]
[WhiteElo "2295"]
[BlackElo "2319"]
[EventDate "2002.07.14"]
[PlyCount "70"]

1.d4 Nf6 2.c4 e6 3.Nf3 b6 4.g3 Ba6 5.b3 Bb4+ 6.Bd2 Be7 7.Bg2 d5 8.Ne5 O-O 
9.O-O Bb7 10.Nc3 Nbd7 11.Bf4 Re8 12.Rc1 c6 13.e4 Nf8 14.Be3 Bb4 15.exd5 
exd5 16.cxd5 cxd5 17.Bg5 Rc8 18.Nb5 a6 19.Nd3 Be7 20.Nc3 Ne6 21.Bxf6 Bxf6 
22.Nxd5 Rxc1 23.Nxf6+ Qxf6 24.Nxc1 Bxg2 25.Kxg2 Nxd4 26.Qd3 Qc6+ 27.Kh3 
Nf3 28.Ne2 Ng5+ 29.Kg4 f5+ 30.Qxf5 Nf7 31.Rc1 Qxc1 32.Qxf7+ Kxf7 33.Nxc1 
Rd8 34.a4 Rd1 35.Ne2 Rd3 0-1

[Event "19th ECh U20 Girls"]
[Site "Baku AZE"]
[Date "2002.07.??"]
[Round "11"]
[White "Dzagnidze, Nana"]
[Black "Shukurova, Meihriban"]
[Result "1/2-1/2"]
[WhiteElo "2281"]
[BlackElo "2238"]
[EventDate "2002.07.14"]
[PlyCount "112"]

1.d4 Nf6 2.Nf3 g6 3.Bg5 Bg7 4.Nbd2 d5 5.e3 O-O 6.Bd3 Nbd7 7.O-O c5 8.c3 b6
9.e4 dxe4 10.Nxe4 cxd4 11.Nxd4 Bb7 12.Re1 Rc8 13.Qe2 Ne5 14.Ba6 Bxa6 15.
Qxa6 Nxe4 16.Rxe4 Qd5 17.Rae1 e6 18.Bh6 Bxh6 19.Rxe5 Qd7 20.Nb5 Bg7 21.
R5e4 Rc5 22.a4 Ra8 23.h3 Rd5 24.Na3 Rd1 25.Rxd1 Qxd1+ 26.Kh2 Qd6+ 27.g3 
Qc6 28.Rc4 Qf3 29.Rf4 Qd5 30.Qc4 Qd7 31.Qb5 Qd1 32.Nc4 Rd8 33.Qc6 e5 34.
Rf3 h5 35.Kg2 Qd5 36.Qxd5 Rxd5 37.Re3 f5 38.Re2 Kf7 39.Rd2 Ke6 40.Kf1 Rxd2
41.Nxd2 Kd5 42.Ke2 g5 43.f3 Bf8 44.Kd3 Bc5 45.g4 hxg4 46.hxg4 Ke6 47.Ke2 
Kf6 48.b4 Be7 49.Nc4 e4 50.fxe4 fxg4 51.Kf2 Ke6 52.Kg3 Bf6 53.Kxg4 Bxc3 
54.b5 Bf6 55.Kh5 Be7 56.Kg4 Bf6 1/2-1/2

[Event "19th ECh U20 Girls"]
[Site "Baku AZE"]
[Date "2002.07.??"]
[Round "11"]
[White "Topel, Zehra"]
[Black "Khusnutdinova, Luiza"]
[Result "1-0"]
[WhiteElo "2067"]
[BlackElo "2312"]
[EventDate "2002.07.14"]
[PlyCount "103"]

1.d4 d5 2.c4 c6 3.Nf3 Nf6 4.Nc3 e6 5.cxd5 exd5 6.Bg5 Be7 7.Qc2 g6 8.e3 Bf5
9.Bd3 Bxd3 10.Qxd3 O-O 11.Ne5 Nbd7 12.f4 Ne4 13.Bh6 Re8 14.Nxe4 dxe4 15.
Qc4 Nxe5 16.fxe5 Bg5 17.Bxg5 Qxg5 18.Qe2 f6 19.h4 Qg3+ 20.Kd2 h5 21.Rh3 
Qg4 22.exf6 Qxe2+ 23.Kxe2 Re6 24.g4 hxg4 25.Rg3 Rxf6 26.Rxg4 Re8 27.Rag1 
Kf7 28.Rf1 Re6 29.Rxf6+ Kxf6 30.Kf2 a5 31.Rg5 b6 32.Kg3 Re8 33.Kg4 Re7 34.
Re5 Rc7 35.Rxe4 c5 36.d5 b5 37.Re6+ Kf7 38.Kg5 c4 39.Rf6+ Ke8 40.Kxg6 b4 
41.h5 c3 42.bxc3 bxc3 43.Rf1 Re7 44.Re1 Kd7 45.h6 c2 46.h7 Rxe3 47.h8=Q 
Rxe1 48.Qh3+ Kd6 49.Qg3+ Re5 50.Qa3+ Kd7 51.Qa4+ Kd6 52.Qc6+ 1-0

[Event "19th ECh U20 Girls"]
[Site "Baku AZE"]
[Date "2002.07.??"]
[Round "11"]
[White "Mamedyarova, Turkan"]
[Black "Zakurdiaeva, Irina"]
[Result "1-0"]
[WhiteElo "2134"]
[BlackElo "2236"]
[EventDate "2002.07.14"]
[PlyCount "91"]

1.d4 d5 2.Nc3 Nf6 3.Bg5 Bf5 4.f3 Bg6 5.e3 e6 6.Bd3 Be7 7.Nge2 O-O 8.O-O c5
9.Kh1 Nc6 10.Bxg6 hxg6 11.Rb1 Rc8 12.f4 Ng4 13.Bxe7 Nxe7 14.Rf3 Nf5 15.Qg1
Qh4 16.Rbf1 cxd4 17.exd4 b5 18.b4 Rc4 19.a3 Rfc8 20.Rh3 Qf6 21.Rd3 a6 22.
Rfd1 Qh4 23.g3 Qh5 24.Kg2 g5 25.h3 Nf6 26.g4 Nh4+ 27.Kh2 Qg6 28.fxg5 Ne4 
29.Qe3 Nxg5 30.Rf1 Ne4 31.Nxe4 dxe4 32.Rc3 Nf3+ 33.Kg3 f5 34.Rxc4 Rxc4 35.
c3 Qf6 36.Qf4 Qh4+ 37.Kg2 Ne1+ 38.Kh2 Nf3+ 39.Kg2 Qf6 40.Rd1 g6 41.Qb8+ 
Qf8 42.Qb6 Qc8 43.d5 Ne5 44.dxe6 Nd3 45.e7 Kf7 46.Qd8 1-0

[Event "19th ECh U20 Girls"]
[Site "Baku AZE"]
[Date "2002.07.??"]
[Round "11"]
[White "Milliet, Sophie"]
[Black "Jurkiewicz, Katarzyna"]
[Result "1/2-1/2"]
[WhiteElo "2173"]
[BlackElo "2190"]
[EventDate "2002.07.14"]
[PlyCount "20"]

1.Nf3 g6 2.g3 Bg7 3.Bg2 e5 4.e4 Nc6 5.O-O Nge7 6.Re1 O-O 7.c3 d5 8.d3 dxe4
9.dxe4 Qxd1 10.Rxd1 Rd8 1/2-1/2

[Event "19th ECh U20 Girls"]
[Site "Baku AZE"]
[Date "2002.07.??"]
[Round "11"]
[White "Mammadova, Nargiz"]
[Black "Melia, Salome"]
[Result "1/2-1/2"]
[WhiteElo "2058"]
[BlackElo "2262"]
[EventDate "2002.07.14"]
[PlyCount "52"]

1.c4 e5 2.d3 Bb4+ 3.Bd2 Bxd2+ 4.Qxd2 f5 5.Nf3 d6 6.g3 Nf6 7.Nc3 O-O 8.Bg2 
c5 9.O-O Nc6 10.Rab1 Qe8 11.e3 Qh5 12.Nd5 Ng4 13.a3 e4 14.Nf4 Qh6 15.dxe4 
fxe4 16.Qd5+ Kh8 17.Qxe4 Bf5 18.Qd5 Bxb1 19.Rxb1 Rae8 20.h4 Qf6 21.Ng5 Ne7
22.Qd1 Ne5 23.Ne4 Qh6 24.Qxd6 Nxc4 25.Qxc5 Nb6 26.Nd6 Rb8 1/2-1/2

[Event "19th ECh U20 Girls"]
[Site "Baku AZE"]
[Date "2002.07.??"]
[Round "11"]
[White "Ismailova, Aytaj"]
[Black "Esebua, Megi"]
[Result "0-1"]
[WhiteElo "2157"]
[BlackElo "2107"]
[EventDate "2002.07.14"]
[PlyCount "60"]

1.e4 e6 2.d4 d5 3.Nc3 Bb4 4.e5 c5 5.a3 Bxc3+ 6.bxc3 Ne7 7.Nf3 Nbc6 8.a4 
Qa5 9.Bd2 c4 10.Be2 Bd7 11.O-O O-O-O 12.Re1 f5 13.Bc1 h6 14.Qd2 g5 15.Ba3 
f4 16.h3 Rdg8 17.Nh2 h5 18.Reb1 Nf5 19.Bb4 Qd8 20.a5 Nxb4 21.Rxb4 g4 22.
Rab1 Bc6 23.hxg4 hxg4 24.Nxg4 Qh4 25.f3 Ne3 26.Bf1 Nxg4 27.fxg4 Rxg4 28.
Qe1 Rg3 29.Rd1 f3 30.Rbb1 fxg2 0-1

[Event "19th ECh U20 Girls"]
[Site "Baku AZE"]
[Date "2002.07.??"]
[Round "11"]
[White "Polushkina, Svetlana"]
[Black "Rzaeva, Svetlana"]
[Result "0-1"]
[WhiteElo "2131"]
[BlackElo "2073"]
[EventDate "2002.07.14"]
[PlyCount "52"]

1.c4 g6 2.Nc3 Bg7 3.d4 Nf6 4.e4 d6 5.Bd3 O-O 6.Nge2 e5 7.d5 a5 8.O-O Qe7 
9.Ng3 Na6 10.a3 Nc5 11.Bc2 Ng4 12.h3 Nh6 13.Rb1 f5 14.exf5 Nxf5 15.Nge4 
Nd4 16.Nxc5 dxc5 17.Be4 Qh4 18.Qd3 Bf5 19.Bd2 Rf7 20.Bxf5 gxf5 21.f3 Kh8 
22.b4 Rg8 23.Kh1 Bf6 24.Rg1 Rfg7 25.bxa5 Rg3 26.Qf1 Nxf3 0-1

[Event "19th ECh U20 Girls"]
[Site "Baku AZE"]
[Date "2002.07.??"]
[Round "11"]
[White "Isgandarova, Khayala"]
[Black "Agaeva, Shahana"]
[Result "0-1"]
[WhiteElo "2047"]
[BlackElo "2123"]
[EventDate "2002.07.14"]
[PlyCount "72"]

1.e4 d6 2.d4 Nf6 3.Nc3 g6 4.Nf3 Bg7 5.h3 O-O 6.Be3 c6 7.a4 a5 8.Nd2 d5 9.
e5 Ne8 10.Bd3 c5 11.Nf3 Nc6 12.Nb5 cxd4 13.Bxd4 Nxd4 14.Nbxd4 f6 15.exf6 
Bxf6 16.O-O e5 17.Nb5 e4 18.Be2 exf3 19.Bxf3 Be6 20.Qe2 Ng7 21.c4 dxc4 22.
Bxb7 Rb8 23.Rad1 Qb6 24.Bd5 Rbc8 25.Bxe6+ Qxe6 26.Qd2 Rcd8 27.Qxa5 Rxd1 
28.Rxd1 Bxb2 29.Qd2 Qf6 30.Nd6 c3 31.Qc2 Ne6 32.Ne4 Qe5 33.Re1 Nd4 34.Qd3 
c2 35.Qc4+ Kg7 36.f4 Qxf4 0-1

[Event "19th ECh U20 Girls"]
[Site "Baku AZE"]
[Date "2002.07.??"]
[Round "11"]
[White "Hodova, Lucie"]
[Black "Khudaverdieva, Afag"]
[Result "1/2-1/2"]
[WhiteElo "2060"]
[BlackElo "2043"]
[EventDate "2002.07.14"]
[PlyCount "31"]

1.e4 e6 2.d4 d5 3.e5 c5 4.c3 Nc6 5.Nf3 Bd7 6.Be2 Nge7 7.Na3 cxd4 8.cxd4 
Nf5 9.Nc2 Nb4 10.Nxb4 Bxb4+ 11.Kf1 O-O 12.h4 f6 13.g4 Ne7 14.Kg2 fxe5 15.
Nxe5 Bd6 16.h5 1/2-1/2